|
|
|
|
| LEADER |
00000nam a2200000 i 4500 |
| 001 |
1/86803 |
| 008 |
950516s1981 gre d |
| 035 |
|
|
|a 1986
|c Αγορά
|l 10035071
|
| 035 |
|
|
|a 1992
|b 1
|c Δωρεά
|
| 040 |
|
|
|a GR-MY-UA
|b gre
|e aacr
|
| 041 |
0 |
|
|a gre
|
| 082 |
0 |
|
|a 302.2345
|
| 100 |
1 |
|
|a Μανθούλης, Ροβήρος Α.,
|d 1929-
|
| 245 |
1 |
3 |
|a Το κράτος της τηλεόρασης /
|c Ροβήρος Μανθούλης
|
| 260 |
|
|
|a Αθήνα :
|b Θεμέλιο,
|c 1981
|
| 300 |
|
|
|a 333 σ.
|
| 650 |
0 |
0 |
|a Television broadcasting
|z Greece
|x History.
|
| 650 |
0 |
0 |
|a Television broadcasting
|x Social aspects
|z Greece.
|
| 650 |
0 |
0 |
|a Television and politics
|z Greece.
|
| 650 |
0 |
0 |
|a Television broadcasting
|z France.
|
| 852 |
|
|
|a INST
|b LESVOS
|e 19950516
|h 302.2345 ΜΑΝ
|p 005100001476
|q 005100001476
|t BK
|y 0
|
| 852 |
|
|
|a INST
|b RHODES
|e 19970313
|h 302.2345 ΜΑΝ
|p 005400000100
|q 005400000100
|t BK
|y 0
|
| 852 |
|
|
|a INST
|b RHODES
|e 19960703
|h 302.2345 ΜΑΝ
|p 005400004585
|q 005400004585
|t BK
|y 0
|
| 909 |
|
|
|a Ρ
|b 004931
|c 1986
|
| 909 |
|
|
|a Λ
|b 011276
|
| 909 |
|
|
|a Ρ
|b 020681
|c 1992
|